Redescubrir a Jesús de Nazaret : lo que la investigación sobre el Jesús histórico ha olvidado / James D. G. Dunn ; traducido por: Francisco J. Molina de la Torre (Registro nro. 40315)
[ vista simple ]
| 000 -LÍDER | |
|---|---|
| Campo fijo de descripción fija | 009790000a22002050004500 |
| 020 ## - NÚMERO INTERNACIONAL NORMALIZADO PARA LIBROS | |
| Número Internacional Normalizado del libro | 8430116222 |
| 082 04 - NÚMERO DE CLASIFICACIÓN DECIMAL DEWEY | |
| Número de clasificación | G 232.908 D9231r |
| 001 - NÚMERO DE CONTROL | |
| Campo de control | 10905 |
| 100 1# - ASIENTO PRINCIPAL--NOMBRE PERSONAL | |
| Nombre personal | Dunn, James D. G. (1939-) |
| 245 10 - TÍTULO | |
| Título del Material | Redescubrir a Jesús de Nazaret : lo que la investigación sobre el Jesús histórico ha olvidado / James D. G. Dunn ; traducido por: Francisco J. Molina de la Torre |
| 260 ## - PUBLICACIÓN, DISTRIBUCIÓN, ETC. (PIE DE IMPRENTA) | |
| Lugar de publicación, distribución, etc. | Salamanca : : Eds. Sígueme |
| 336 ## - CONTENT TYPE | |
| Content type term | texto |
| Content type code | txt |
| Source | rdacontent |
| 337 ## - MEDIA TYPE | |
| Source | rdamedia |
| Media type term | sin mediación |
| Media type code | n |
| 338 ## - CARRIER TYPE | |
| Source | rdacarrier |
| Carrier type term | volumen |
| Carrier type code | nc |
| 500 ## - NOTA GENERAL | |
| Nota General | Incluye notas bibliográficas |
| 505 00 - NOTA DE CONTENIDO | |
| Nota de contenido con formato preestablecido | LA PRIMERA FE: ¿Cuándo se convirtió la fe en un factor en la tradición de Jesús? -- ANTES DE LOS EVANGELIOS: Lo que significaba recordar a Jesús en los primeros momentos -- EL JESÚS EMBLEMÁTICO: De la exégesis atomizada a los subrayados sistemáticos |
| 650 14 - ASIENTO SECUNDARIO DE MATERIA - TERMINO TEMÁTICO | |
| Término temático o nombre geográfico como elemento de entrada | JESUCRISTO - HISTORICIDAD \ FE |
| 942 ## - TIPO DE MATERIAL (KOHA) | |
| Tipo de Item KOHA | Libros General |
| Estado de Material | Estado de Perdido | Estado de Dañado | No para Préstamo | Colección | Tomo | Biblioteca de Origen | Biblioteca Permanente | Fecha de Adquisición | Total de Préstamos | Signatura Topográfica | Código de Barras | Última vez visto | Última vez Préstado | Ejemplar/Existencia | Fecha de Remplazo | Tipo de Material |
|---|---|---|---|---|---|---|---|---|---|---|---|---|---|---|---|---|
| Colección General | Biblioteca FUSBC | Biblioteca FUSBC | 29/08/2012 | 1 | G 232.908 D9231r | 17389 | 12/12/2019 | 14/09/2016 | 1 | 26/01/2016 | Libros General |
